| 000 | 00478nam a2200181Ia 4500 | ||
|---|---|---|---|
| 003 | OSt | ||
| 005 | 20230607144805.0 | ||
| 008 | 210423s1986 xx 000 0 und d | ||
| 040 | _cAL | ||
| 041 | _aeng | ||
| 082 |
_a304.6 _223 _bDASC |
||
| 100 |
_aDAS (B K). _9121602 |
||
| 245 | _aCensus of india 1981 chitradurga district. | ||
| 260 |
_aKarnataka _bCensus of india _c1986 |
||
| 365 | _cINR | ||
| 906 | _a1981 ; Census ; chitradurga ; district. ; india | ||
| 942 |
_2ddc _cBK |
||
| 999 |
_c175061 _d175061 |
||